000 01045cam a22002531 4500
001 it 01000261
003 DLC
005 20260227111518.0
008 941022s1882 it 000 0 ita
010 _ait 01000261
035 _a(OCoLC)31328071
040 _aDLC
_cIEN
_dDLC
042 _apremarc
050 0 0 _aAS222
_b.F5 no. 13
100 1 _aScaduto, Francesco,
_d1859-
245 1 0 _aStato e chiesa negli scritti politici dalla fine della lotta per le investiture sino alla morte di Lucovico il Bavaro <1122-1347>;
_cstudio storico di Francesco Scaduto ...
260 _aFirenze,
_bCoi tipi dei successori Le Monnier,
_c1882.
300 _aiv, 148 p., 2 l.
_c27 cm.
490 1 _aPubblicazioni del R. Istituto di studi superiori pratici e di perfezionamento in Firenze. Sezione di filosofia e filologia
_v[no. 13]
500 _aSeries note also on verso of t.-p.
650 0 _aChurch and state.
651 0 _aEurope
_xHistory
_y476-1492.
810 2 _aUniversità di Firenze.
_bFacoltà di lettere e filosofia.
_tPubblicazioni ;
_vno. 13.
999 _c34860
_d34860